02936cam a22011294i 4500003000900000005001700009008004100026020001500067035002700082040003300109082001800142245017000160264003900330300006600369336002100435337002500456338002300481490007800504505045600582526000901038526000901047526000901056526000901065526000901074526000901083526000901092526000901101526000901110526000901119526000901128526000901137526000901146526000901155526000901164526000901173526000901182526000901191526000901200526000901209526000901218526000901227526000901236526000901245526000901254526000901263526000901272526000901281526000901290526000901299526000901308526000901317526000901326526000901335526000901344526000901353526000901362526000801371526000801379526000801387526000801395526000801403526000801411526000801419526000801427526000801435526000801443526000801451526000801459526000801467526000801475526000801483526000801491526000801499526000801507526000801515526000801523526000801531526000801539526000801547526000801555526000801563526000801571526000801579526000801587526000801595526000801603526000801611526000801619526000801627526000801635526000801643650003201651650001701683650002801700650003201728700004601760PE-LiUPU20250813185533.0150625s2002 sp a r 000 0 spa d a8497420454 a(Sirsi) i9788497420457 aPE-LiUPUbspacPE-LiUPUerda04a375bD55522100aDidáctica general :bqué y cómo enseñar en la sociedad de la información /cMartín Rodríguez Rojo (coord.) ; Florentino Blázquez Entonado.. [et al.]. 1aMadrid :bBiblioteca Nueva,c2002. a454 páginas :bilustraciones, tablas, diágramas ;c24 cm. atext2rdacontent aunmediated2rdamedia avolume2rdacarrier0 aBiblioteca Nueva Universidad. Manuales y Obras de referencia. Educación0 aEl imperio de la globalización y la educación -- La didáctica como proceso de recostrucción de significados -- Currículo y teorías curriculares, -- Modelo de diseño curricular para elaborar proyectos -- Intervenciones u objetos educativos para la nueva sociedad -- El conflicto como contenido didáctico -- Métodos y actividades didácticas -- Materiales didácticos -- La organización del aula para la sociedad el conocimiento. aP202 aP201 aP163 aP162 aP161 aP160 aP148 aP147 aP146 aP145 aP144 aP143 aP142 aP141 aP140 aP139 aP138 aP137 aP136 aP135 aP134 aP133 aP129 aP128 aP127 aP120 aP119 aP118 aP116 aP115 aP114 aP110 aP109 aP108 aP104 aP103 aP102 aP99 aP98 aP97 aP96 aP95 aP93 aP90 aP89 aP88 aP83 aP82 aP62 aP59 aP58 aP57 aP51 aP49 aP48 aP47 aP29 aP24 aP20 aP19 aP17 aP15 aP14 aP12 aP10 aP09 aP08 aP07 aP06 aP05 aP04 aP0104aEducaciónxMetodología.00aCurrículo.00aEvaluación educativa.00aPlanificación curricular.1 aRodríguez Rojo, Martín,ecoordinador.